00348nam a2200133Ia 4500003000400000008004100004020002300045040000800068100002600076245005800102260003000160300001300190365001100203LDD181029s9999 xx 000 0 und d a8180692825c300.00 cLDD aBapat, Surekha Pandit 0aSpatial efficiency in geographycSurekha Pandit Bapat aNew DelhibConceptc2006 ax, 146p. b300.00